Estadísticas para Ciudades latinoamericanas que comienzan con M

Haz click aquí para intentar la prueba.

Estadísticas generales

  • Esta prueba ha sido intentada 1.648 veces
  • La puntuación promedio es 5 de 10

Respuestas en el mapa

Las respuestas están codificadas por una escala verde-roja en el mapa de la prueba según el % correcto abajo.
 

Estadísticas de respuestas

PaísPoblaciónCiudad% Correcto
Uruguay1,30 MMontevideo
91%
Colombia2,49 MMedellín
83%
Nicaragua1,05 MManagua
72%
Brasil2,24 MManaos
56%
Venezuela2,26 MMaracaibo
55%
Argentina1,00 MMendoza
53%
México0,92 MMérida
42%
México0,85 MMexicali
32%
Brasil1,03 MMaceió
15%
Guatemala0,46 MMixco
8%

Distribución de puntuación

Porcentaje por número respondido

Porcentaje de gente con cada puntuación

Historial de tus puntuaciones

No has intentado esta prueba.